Country Flags as Pie Chart #1 - Statistics

General Stats
  • This quiz has been taken 329 times
  • The average score is 7 of 20
Answer Stats
Picture Answer % Correct
China
97%
Chad
88%
Latvia
64%
Qatar
50%
Botswana
44%
Barbados
42%
Marshall Islands
38%
Guinea
37%
Taiwan
36%
Maldives
24%
Honduras
21%
Mexico
21%
Papua New Guinea
21%
Serbia
21%
Canada
20%
Senegal
20%
Israel
17%
Panama
17%
Montenegro
8%
Laos
5%
No matching quizzes found
Score Distribution
Percent of People with Each Score
Percentile by Number Answered
Your Score History
You have not taken this quiz